000 00514nam a2200193Ia 4500
003 OSt
005 20251120163953.0
008 220917b |||||||| |||| 00| 0 eng d
037 _cTB
040 _aARTS
_cARTS
_beng
041 _2eng
_aeng
084 _aT:3(Y1:4) K4
_qAL
100 _aHeywood, Jean S
_991518
245 0 _aIntroduction to teaching casework skills
260 _c1964
650 _aEDUCATION
_9852735
942 _hT:3:V K4
_cTB
_2CC
_n0
999 _c210003
_d210003